[Event "Mittelfranken-chTB2a 1011"]
[Site "Germany"]
[Date "2011.04.03"]
[Round "8.7"]
[White "Weidemann, Mathias"]
[Black "Kroeger, Joachim"]
[Result "0-1"]
[WhiteElo "1775"]
[BlackElo "1618"]
[PlyCount "72"]
[EventDate "2010.09.26"]
[EventType "team-tourn"]
[EventRounds "9"]
[EventCountry "GER"]
[SourceTitle "EXT 2012"]
[Source "ChessBase"]
[SourceDate "2011.11.24"]
[SourceVersion "1"]
[SourceVersionDate "2011.11.24"]
[SourceQuality "1"]
[WhiteTeam "Erlangen 44/88 II"]
[BlackTeam "Rothenburg/Tauber"]
[WhiteTeamCountry "GER"]
[BlackTeamCountry "GER"]

1. e4 e5 2. Nf3 Nc6 3. Bb5 Nf6 4. 0-0 Nxe4 5. Re1 Nd6 6. Bxc6 dxc6 7. Nxe5 Be7 8. d3 0-0 9. Nd2 Bf6 10. f4 Be6 11. Ndf3 Bd5 12. Ng4 Bxf3 13. Qxf3 Bd4+ 14. Kh1 Re8 15. Rf1 Qe7 16. c3 Bf6 17. Bd2 Qe2 18. Nxf6+ gxf6 19. Rad1 Qxf3 20. Rxf3 Re2 21. Kg1 Nf5 22. Kf1 Rae8 23. g4 Rxh2 24. Kg1 Ree2 25. gxf5 Rxd2 26. Rg3+ Kf8 27. Re1 Rxb2 28. Re4 Rhc2 29. Re1 Rxa2 30. Rh3 Rg2+ 31. Kh1 Rge2 32. Rg1 b5 33. Rxh7 a5 34. Rh8+ Ke7 35. Rc8 Kd7 36. Rf8 Rh2# 0-1

[Event "Mittelfranken-chTB2a 0910"]
[Site "Mittelfranken"]
[Date "2010.01.31"]
[Round "6.8"]
[White "Weidemann, Mathias"]
[Black "Sacharenko, Andrej"]
[Result "1/2-1/2"]
[WhiteElo "1755"]
[BlackElo "1709"]
[PlyCount "104"]
[EventDate "2009.10.11"]
[EventType "team-tourn"]
[EventRounds "9"]
[EventCountry "GER"]
[SourceTitle "EXT 2011"]
[Source "ChessBase"]
[SourceDate "2010.11.26"]
[SourceVersion "1"]
[SourceVersionDate "2010.11.26"]
[SourceQuality "1"]
[WhiteTeam "Erlangen SC II"]
[BlackTeam "Herzogenaurach"]
[WhiteTeamCountry "GER"]
[BlackTeamCountry "GER"]

1. e4 c5 2. Nf3 Nc6 3. d4 cxd4 4. Nxd4 e5 5. Nb5 d6 6. N1c3 a6 7. Na3 Nf6 8. Bg5 Be7 9. Bxf6 Bxf6 10. Nd5 Qa5+ 11. c3 Be6 12. Nc4 Qd8 13. Nxf6+ gxf6 14. Nxd6+ Ke7 15. Nf5+ Bxf5 16. exf5 Qb6 17. Qb3 Qxb3 18. axb3 Rhg8 19. Rg1 Rad8 20. g4 h5 21. h3 hxg4 22. Rxg4 Rxg4 23. hxg4 Rh8 24. Bg2 Kd6 25. Rd1+ Kc7 26. Ke2 Rg8 27. Kf3 Na5 28. b4 Nc4 29. b3 Nd6 30. c4 Nxf5 31. gxf5 e4+ 32. Kxe4 Rxg2 33. Kf3 Rg5 34. Rd5 Rh5 35. Kg4 Rh2 36. Kg3 Rh5 37. b5 a5 38. c5 Rh1 39. Rd6 Rc1 40. b6+ Kc8 41. Rxf6 Rxc5 42. Rxf7 Rc3+ 43. Kf4 Rxb3 44. Rc7+ Kb8 45. Rc5 Rxb6 46. Rxa5 Kc7 47. Re5 Rc6 48. Kg5 Kd7 49. f6 Rc2 50. f7 Rxf2 51. Rf5 Rxf5+ 52. Kxf5 Ke7 1/2-1/2

[Event "Mittelfrankenliga-B2a 0708"]
[Site "Mittelfranken"]
[Date "2007.11.25"]
[Round "3.8"]
[White "Weidemann, Mathias"]
[Black "Preisser, Reinhard"]
[Result "1-0"]
[WhiteElo "1782"]
[BlackElo "1688"]
[PlyCount "141"]
[EventDate "2007.10.14"]
[EventType "team-tourn"]
[EventRounds "9"]
[EventCountry "GER"]
[SourceTitle "EXT 2011"]
[Source "ChessBase"]
[SourceDate "2010.11.26"]
[SourceVersion "1"]
[SourceVersionDate "2010.11.26"]
[SourceQuality "1"]
[WhiteTeam "Erlangen SC II"]
[BlackTeam "Altensittenbach II"]
[WhiteTeamCountry "GER"]
[BlackTeamCountry "GER"]

1. e4 e5 2. Nf3 Nc6 3. Bb5 a6 4. Ba4 Nf6 5. 0-0 d6 6. d4 b5 7. Bb3 Bg4 8. c3 Be7 9. a4 0-0 10. d5 Na7 11. Bc2 c5 12. axb5 Nxb5 13. Nbd2 h6 14. Nc4 Nh7 15. Ne3 Bxf3 16. Qxf3 Bg5 17. Nf5 Bxc1 18. Rfxc1 Qg5 19. Bd3 g6 20. h4 Qf6 21. Qg3 h5 22. Ra2 Kh8 23. Ne3 g5 24. hxg5 Nxg5 25. Qh2 Qg6 26. Qg3 Rg8 27. Kf1 Qf6 28. Qh4 Qg6 29. Ke2 Rgb8 30. Rh1 f6 31. Qxh5+ Qxh5+ 32. Rxh5+ Kg8 33. Nf5 Nf7 34. Kd2 Nc7 35. Bc4 Rb6 36. b3 a5 37. Ne7+ Kg7 38. Nc6 Kg6 39. Rh1 Ng5 40. f3 Rb7 41. Rha1 Rh8 42. Ke3 Nb5 43. Kd3 f5 44. Rxa5 fxe4+ 45. fxe4 Nxc3 46. Kxc3 Nxe4+ 47. Kd3 Nf2+ 48. Ke2 Rf7 49. Rf1 Rhf8 50. Ra2 Rf4 51. Ke1 Re4+ 52. Kd2 Rg4 53. Kc3 Rxg2 54. Re2 Rf3+ 55. Kc2 e4 56. Na7 e3 57. Nb5 Rf6 58. Nc3 Rg3 59. Nd1 Nxd1 60. Rxf6+ Kxf6 61. Kxd1 Ke5 62. Rh2 Rg6 63. Ke2 Ke4 64. Rh4+ Ke5 65. Kxe3 Kf6 66. Re4 Kf5 67. Re6 Rg3+ 68. Kd2 Rg2+ 69. Kc3 Rg3+ 70. Kb2 Rg2+ 71. Ka3 1-0

[Event "Regionalliga NO 0203"]
[Site "Bayern"]
[Date "2002.11.17"]
[Round "2.8"]
[White "Schmidt, Johann1"]
[Black "Weidemann, Mathias"]
[Result "1/2-1/2"]
[WhiteElo "1936"]
[BlackElo "1701"]
[PlyCount "82"]
[EventDate "2002.10.20"]
[EventType "team-tourn"]
[EventRounds "9"]
[EventCountry "GER"]
[SourceTitle "EXT 2004"]
[Source "ChessBase"]
[SourceDate "2003.11.25"]
[SourceVersion "1"]
[SourceVersionDate "2003.11.25"]
[SourceQuality "1"]
[WhiteTeam "Weiden"]
[BlackTeam "Erlangen"]
[WhiteTeamCountry "GER"]
[BlackTeamCountry "GER"]

1. d4 Nf6 2. c4 e6 3. Nf3 Bb4+ 4. Bd2 Be7 5. Nc3 d5 6. Bg5 h6 7. Bh4 0-0 8. e3 Ne4 9. Bxe7 Qxe7 10. Nxe4 dxe4 11. Nd2 f5 12. Qb3 Nd7 13. 0-0-0 Nb6 14. f3 Bd7 15. Qc2 exf3 16. gxf3 Ba4 17. b3 Be8 18. Rg1 a5 19. Bd3 a4 20. Rg2 axb3 21. axb3 Nd7 22. Rdg1 Rf7 23. Rg6 Kh8 24. Nb1 Nf8 25. R6g3 Qb4 26. d5 exd5 27. cxd5 Ra5 28. Qb2 Qe7 29. Qd4 Qc5+ 30. Nc3 Qxd4 31. exd4 g6 32. Re1 Ra1+ 33. Bb1 Bd7 34. Na2 f4 35. Rg2 Bf5 36. Nc3 Bxb1 37. Nxb1 Kg7 38. Kb2 Ra6 39. Nc3 Rd7 40. Re4 Rf7 41. Rc2 Rb6 1/2-1/2

[Event "Regionalliga NO 0203"]
[Site "Bayern"]
[Date "2002.10.20"]
[Round "1.8"]
[White "Weidemann, Mathias"]
[Black "Laurent, Rudolf"]
[Result "0-1"]
[WhiteElo "1701"]
[BlackElo "1745"]
[PlyCount "48"]
[EventDate "2002.10.20"]
[EventType "team-tourn"]
[EventRounds "9"]
[EventCountry "GER"]
[SourceTitle "EXT 2004"]
[Source "ChessBase"]
[SourceDate "2003.11.25"]
[SourceVersion "1"]
[SourceVersionDate "2003.11.25"]
[SourceQuality "1"]
[WhiteTeam "Erlangen"]
[BlackTeam "Regensburg Bavaria"]
[WhiteTeamCountry "GER"]
[BlackTeamCountry "GER"]

1. d4 d5 2. c4 e5 3. dxe5 d4 4. Nd2 Nc6 5. Ngf3 Bg4 6. h3 Be6 7. a3 Qd7 8. b3 f6 9. exf6 Nxf6 10. Bb2 Be7 11. Ng5 0-0 12. Nxe6 Qxe6 13. Nf3 Rad8 14. Qd3 Ne4 15. Rh2 Nb4 16. Qb1 d3 17. Nd2 Nc2+ 18. Kd1 Nxf2+ 19. Kc1 dxe2 20. Kxc2 Qf5+ 21. Kc3 Bf6+ 22. Kb4 a5+ 23. Ka4 Qd7+ 24. Kxa5 b6+ 0-1

[Event "Landesliga Nord 0102"]
[Site "Bayern"]
[Date "2002.03.17"]
[Round "7.8"]
[White "Auburger, Philipp"]
[Black "Weidemann, Mathias"]
[Result "1-0"]
[WhiteElo "1805"]
[BlackElo "1760"]
[PlyCount "39"]
[EventDate "2001.10.07"]
[EventType "team-tourn"]
[EventRounds "9"]
[EventCountry "GER"]
[SourceTitle "EXT 2003"]
[Source "ChessBase"]
[SourceDate "2002.11.25"]
[SourceVersion "1"]
[SourceVersionDate "2002.11.25"]
[SourceQuality "1"]
[WhiteTeam "Forchheim II"]
[BlackTeam "Erlangen"]
[WhiteTeamCountry "GER"]
[BlackTeamCountry "GER"]

1. e4 c6 2. d4 d5 3. Nc3 dxe4 4. Nxe4 Nd7 5. Nf3 Ngf6 6. Ng3 e6 7. Bd3 c5 8. 0-0 cxd4 9. Nxd4 Be7 10. Qe2 0-0 11. Rd1 Qc7 12. Nb5 Qc6 13. Nd4 Qc7 14. c3 a6 15. Bg5 h6 16. Bxf6 Nxf6 17. Ne4 Nd5 18. Bc2 Bd7 19. Qd3 Nf4 20. Nf6+ 1-0